[Event "Gibraltar Amateur op-A"]
[Site "Caleta"]
[Date "2019.01.23"]
[Round "3"]
[White "Kumar, Deepak1111"]
[Black "Wadhwani, Sunil"]
[Result "0-1"]
[WhiteElo "1590"]
[BlackElo "1841"]
[PlyCount "71"]
[EventDate "2019.01.21"]
[EventType "swiss"]
[EventRounds "5"]
[EventCountry "GGB"]
[SourceTitle "CBM 188 Extra"]
[Source "ChessBase"]
[SourceDate "2019.02.26"]
[SourceVersion "1"]
[SourceVersionDate "2019.02.26"]
[SourceQuality "1"]

1. e4 e6 2. c4 c6 3. d4 d5 4. e5 Bb4+ 5. Nc3 Ne7 6. Nf3 0-0 7. Bg5 h6 8. Bh4 Qa5 9. Qc2 dxc4 10. Bxe7 Bxe7 11. Bxc4 b5 12. Bb3 Bb7 13. 0-0 Na6 14. Ne4 Qd8 15. Rad1 Nb4 16. Qe2 a5 17. a3 Nd5 18. Rfe1 a4 19. Bc2 b4 20. Nc5 Bxc5 21. dxc5 bxa3 22. Qe4 g6 23. bxa3 Qa5 24. Qg4 Kg7 25. Bxg6 fxg6 26. Qxe6 Qxc5 27. Nh4 Qxf2+ 28. Kh1 Qxh4 29. Rb1 Rf7 30. Qd6 Raf8 31. Rec1 Qd8 32. Qc5 Qe7 33. Qd4 c5 34. Qb2 Kh7 35. h3 Nf4 36. Kh2 0-1